ბათუმის შოთა რუსთაველის სახელმწიფო უნივერსიტეტის ბიბლიოთეკა

აირმომარაგება. 1 ნაწილი (ბიბ.ჩანაწერი № 39198)

000 -LEADER
fixed length control field 00669nam a2200217Ia 4500
001 - CONTROL NUMBER
control field 5784
003 - CONTROL NUMBER IDENTIFIER
control field GE_BSU
008 - FIXED-LENGTH DATA ELEMENTS--GENERAL INFORMATION
fixed length control field 181216s||||||||xx |||||||||||||| ||und||
040 ## - CATALOGING SOURCE
Transcribing agency GE_BSU
080 ## - UNIVERSAL DECIMAL CLASSIFICATION NUMBER
Universal Decimal Classification number 696.2(075.8)
100 ## - MAIN ENTRY--PERSONAL NAME
Personal name მუსერიძე, ა.
245 ## - TITLE STATEMENT
Title აირმომარაგება. 1 ნაწილი
245 ## - TITLE STATEMENT
Statement of responsibility, etc. რედ. ქებულაძე, ალ.
260 ## - PUBLICATION, DISTRIBUTION, ETC.
Place of publication, distribution, etc. თბილისი
260 ## - PUBLICATION, DISTRIBUTION, ETC.
Name of publisher, distributor, etc. განათლება
260 ## - PUBLICATION, DISTRIBUTION, ETC.
Date of publication, distribution, etc. 1974
300 ## - PHYSICAL DESCRIPTION
Extent 188 გვ. ნახაზ. 20სმ.
300 ## - PHYSICAL DESCRIPTION
Accompanying material ბიბლიოგრ.: 185გვ.
653 ## - INDEX TERM--UNCONTROLLED
Uncontrolled term აირმომარაგება
942 ## - ADDED ENTRY ELEMENTS (KOHA)
Koha item type წიგნი

არაა ხელმისაწვდომი ეგზემპლარები.